000 00351nam a2200133Ia 4500
005 20260326235500.0
008 260326s9999||||xx |||||||||||||| ||und||
100 _aLemaitre, Eduardo
245 0 _aHistoria General de Cartagena - Tomo IV /
_cEduardo Lemaitre
260 _bBanco de la República
300 _a714 p.
650 _aHISTORIA
942 _cBK
999 _c8056
_d8056